00939nam a2200241Ma 450000500170000000800410001702000150005802000180007304000500009104100080014124501450014926000510029430000540034550400530039965000160045265000400046865000420050865000260055065000120057670000350058870000430062370000310066620140903175116.0140620s2006 sp ad fr 001 0 spa d a8466549854 a9788466549851 aCO-BoUCMbspacJose A. GerenadJose A. Gerena0 aspa00aAtención, aprendizaje y memoriabaspectos psicobiológicosccoordinador Arnoldo Téllez López ; Humberto Téllez López...[y otros.] aSevilla (Andalucía, España)bTrillasc2006 a192 páginasbilustraciones, cuadros, gráficas aIncluye referencias bibliográficas e índices 7aAprendizaje 7aAtenciónxAspectos psicológicos 7aCerebro - Localización de funciones 7aCerebroxFisiología 7aMemoria1 aMendoza González Ma. Eugenia1 aTéllez López, Arnoldoecoordinador1 aTéllez López, Humberto